logo

Bir Sreshtho Munshi Abdur Rouf Library
Jhenaidah Cadet College

সহজ উপায়ে আউটসোর্সিং / (Record no. 11919)

MARC details
000 -LEADER
fixed length control field 00828nam a2200241 a 4500
001 - CONTROL NUMBER
JCCL Control Number 11919
003 - CONTROL NUMBER IDENTIFIER
JCCL marc code BD-JhCC
005 - DATE AND TIME OF LATEST TRANSACTION
control field 20220223134022.0
008 - FIXED-LENGTH DATA ELEMENTS--GENERAL INFORMATION
fixed length control field 201129s2018 bg a|||| ||a| 000 0 ben d
020 ## - INTERNATIONAL STANDARD BOOK NUMBER
International Standard Book Number 9789849046455
035 ## - SYSTEM CONTROL NUMBER
system control number (BD-JhCC)11919
040 ## - CATALOGING SOURCE
Original cataloging agency BD-JhCC
Modifying agency BD-JhCC
041 ## - LANGUAGE CODE
Language code of Book ben
082 ## - DEWEY DECIMAL CLASSIFICATION NUMBER
Classification number 658.4058
Author mark and Year ADI 2018
100 ## - MAIN ENTRY--PERSONAL NAME
Personal name আদিত্য, শিশির
245 ## - TITLE STATEMENT
Title সহজ উপায়ে আউটসোর্সিং /
Statement of responsibility, etc শিশির আদিত্য ।
260 ## - PUBLICATION, DISTRIBUTION, ETC. (IMPRINT)
Place of publication, distribution, etc ঢাকা :
Name of publisher, distributor, etc ইত্যাদি গ্রন্থ প্রকাশ;
Date of publication, distribution, etc ২০১৮.
300 ## - PHYSICAL DESCRIPTION
Pagination ১১০ পৃ. :
Other physical details চিত্রাবলী;
Dimensions ২২ সেমি.
650 ## - SUBJECT ADDED ENTRY--TOPICAL TERM
Topical term or geographic name as entry element Information technology--Management
650 ## - SUBJECT ADDED ENTRY--TOPICAL TERM
Topical term or geographic name as entry element Outsourcing
942 ## - ADDED ENTRY ELEMENTS (KOHA)
Source of classification or shelving scheme Dewey Decimal Classification
Koha item type Books
Koha issues (borrowed), all copies 3
Holdings
Source of classification or shelving scheme Damaged status Not for loan Home library Current library Shelving location Date of accession Source of acquisition Cost, normal purchase price Total Checkouts Full call number Barcode Date last seen Copy number Koha item type Date checked out
Dewey Decimal Classification     JCC Rouf Library JCC Rouf Library General Stacks 11/29/2020 Lt. Gen. Mahfuzur Rahman (10th intake) 149.00   658.4058 ADI 2018 16370 11/29/2020 C-1 Books  
Dewey Decimal Classification     JCC Rouf Library JCC Rouf Library General Stacks 11/29/2020 Lt. Gen. Mahfuzur Rahman (10th intake) 149.00 2 658.4058 ADI 2018 16369 03/23/2022 C-2 Books 03/23/2022

JCC Library | Contacts | JCC Home

Last Update on 23 September 2017
Copyright @ 2017-2020 JCC Rouf Library
Rouf Library, Jhenidah Cadet College (JCC), Bangladesh